000 00446nam a2200169Ia 4500
008 090711s9999 xx 000 0 und d
082 _b55809
100 _aथोरे अशोक
245 _aललाट रेषा
260 _c1987
300 _a160
600 _aथोरे अशोक
630 _aललाट रेषा
700 _aथोरे अशोक
730 _aललाट रेषा
942 _cBOOK
999 _c303084
_d303084